00725nam a2200205 4500003001100000008004100011040003900052041000800091082001600099111008400115245002100199260004900220300001900269650004300288650004300331710003200374942000700406952009100413999001500504LK-CoMWRAF231207b1992 |||||||| |||| 00| 0 eng d aLK-CoMWRAFdLK-CoMWRAFeLK-CoMWRAF aeng a305.42bWOM a THIRD NATIONAL CONVENTION ON WOMEN'S STUDIES c( Colombo d4-7 th March, 1992) aWomen & religion aColombo: bCentre for Women's Researchc1992 avarious paging aWomen's rights- Sri Lanka- Congresses  aWomen's studies- Sri Lanka- Congresses aCentre for Women's Research cCP 00104070aMAINbMAINd2023-12-07l0o305.42 WOMpRAF3331r2023-12-07w2023-12-07yCP c4306d4306